Việt Nam quốc sử khảo

Сохранить в:
Библиографические подробности
Главный автор: Phan Bội Châu
Формат:
Язык:Undetermined
Опубликовано: Hà Nội Giáo dục 1961
Предметы:
Метки: Добавить метку
Нет меток, Требуется 1-ая метка записи!
Thư viện lưu trữ: Trung tâm Học liệu Trường Đại học Cần Thơ
LEADER 00513nam a2200169Ia 4500
001 CTU_10918
008 210402s9999 xx 000 0 und d
082 |a 959.7012 
082 |b Ch125v 
100 |a Phan Bội Châu 
245 0 |a Việt Nam quốc sử khảo 
245 0 |c Phan Bội Châu; Dịch giả: Nguyễn Chương Thâu 
260 |a Hà Nội 
260 |b Giáo dục 
260 |c 1961 
650 |a vietnam - history 
980 |a Trung tâm Học liệu Trường Đại học Cần Thơ